National perspectives on the new regionalism in the north / (Record no. 6473)
[ view plain ]
| 000 -LEADER | |
|---|---|
| fixed length control field | 00656nam a22002177a 4500 |
| 003 - CONTROL NUMBER IDENTIFIER | |
| control field | OSt |
| 005 - DATE AND TIME OF LATEST TRANSACTION | |
| control field | 20200123132133.0 |
| 008 - FIXED-LENGTH DATA ELEMENTS--GENERAL INFORMATION | |
| fixed length control field | 200123b ||||| |||| 00| 0 eng d |
| 020 ## - INTERNATIONAL STANDARD BOOK NUMBER | |
| International Standard Book Number | 0333687108 |
| 040 ## - CATALOGING SOURCE | |
| Transcribing agency | 040a |
| 082 ## - DEWEY DECIMAL CLASSIFICATION NUMBER | |
| Classification number | 337.1 |
| Item number | NAT 2000 |
| 245 ## - TITLE STATEMENT | |
| Title | National perspectives on the new regionalism in the north / |
| Statement of responsibility, etc. | Bjorn Hettne, Andras Inotai, Osvaldo Sunkel |
| 260 ## - PUBLICATION, DISTRIBUTION, ETC. (IMPRINT) | |
| Place of publication, distribution, etc. | New York |
| Name of publisher, distributor, etc. | ST. Martin's press |
| Date of publication, distribution, etc. | 2000 |
| 300 ## - PHYSICAL DESCRIPTION | |
| Extent | xxx, 284p; |
| Dimensions | 10 cm |
| 504 ## - BIBLIOGRAPHY, ETC. NOTE | |
| Bibliography, etc | Includes bibliographical references |
| 650 ## - SUBJECT ADDED ENTRY--TOPICAL TERM | |
| Source of heading or term | Regionalism |
| 700 ## - ADDED ENTRY--PERSONAL NAME | |
| Personal name | Hettne,Bjorn |
| 9 (RLIN) | 1038 |
| 700 ## - ADDED ENTRY--PERSONAL NAME | |
| Personal name | Inotai, Andras |
| 9 (RLIN) | 6893 |
| 700 ## - ADDED ENTRY--PERSONAL NAME | |
| Personal name | Sunkel, Osvaldo |
| 9 (RLIN) | 1039 |
| 942 ## - ADDED ENTRY ELEMENTS (KOHA) | |
| Source of classification or shelving scheme | Dewey Decimal Classification |
| Koha item type | Open Shelf |
| Withdrawn status | Lost status | Source of classification or shelving scheme | Damaged status | Not for loan | Home library | Current library | Date acquired | Source of acquisition | Inventory number | Total Checkouts | Full call number | Barcode | Date last seen | Price effective from | Koha item type |
|---|---|---|---|---|---|---|---|---|---|---|---|---|---|---|---|
| Dewey Decimal Classification | MUST Main Library | MUST Main Library | 23/01/2020 | Donation | 2003/20046 | 337.1 NAT 2000 | 2020-0109 | 23/01/2020 | 23/01/2020 | Open Shelf |
